Sample songs -sudden death - Statistics

General Stats
  • This quiz has been taken 15 times
    14 since last reset
  • The average score is 3 of 15
Answers on the Grid
Answers color-coded by a green-red scale on the quiz's grid according to % correct below.
Wild Thoughts-Rihanna
and Dj Khaled
If You Were a Woman
(And I was a man) -Bonnie Tyler
Ice Ice Baby -Vanilla Ice
Worth it-Fifth Harmony
Steal my Sunshine-Len
U can't Touch
this-MC Hammer
Somebody That I Used To know
-Goyte
Wildflower-The Avalanches
Hung Up-Madonna
Savage Love-Jason Derulo
Tears Dry on Their Own
-Amy Whinehouse
Anxiety-Doechii
Never Really Over-Katy Perry
Havana-Camilla Cabello
You Give Love A
Bad Name -Bon Jovi
Devil's Haircut-Beck
Crazy in love-Beyonce
Look what you made me do
-Taylor Swift
Feel This Moment -Pitbull
Stan-Eminem
Look What you Made me do
-Taylor Swift
Nice For What-Drake
Paint the Town Red -Doja Cat
I don't Wanna Know
-Mario Winans ft. Enya
Houdini-Eminem
My Name is -Eminem
Disease-Lady Gaga
Say so -Doja Cat
Super Freaky Girl-Nicki Minaj
I Will Survive -Gloria Gaynor
 
Answer Stats
Answer % Correct
Ice Ice Baby -Vanilla Ice
50%
Stan-Eminem
50%
Wild Thoughts-Rihanna
and Dj Khaled
50%
U can't Touch
this-MC Hammer
38%
Houdini-Eminem
25%
Anxiety-Doechii
13%
Crazy in love-Beyonce
13%
Feel This Moment -Pitbull
13%
Hung Up-Madonna
13%
My Name is -Eminem
13%
I Will Survive -Gloria Gaynor
0%
Look What you Made me do
-Taylor Swift
0%
Paint the Town Red -Doja Cat
0%
Savage Love-Jason Derulo
0%
You Give Love A
Bad Name -Bon Jovi
0%
No matching quizzes found
Score Distribution
Percent of People with Each Score
Percentile by Number Answered
Your Score History
You have not taken this quiz since the last reset